5HLuxD.jpg

KING HENRY VIII SENIOR AND PRIMARY SCHOOL LIBRARY OPAC

Tina and the Prince / (Record no. 3631)

000 -LEADER
fixed length control field 00551nam a22001697a 4500
003 - CONTROL NUMBER IDENTIFIER
control field OSt
005 - DATE AND TIME OF LATEST TRANSACTION
control field 20240315104658.0
008 - FIXED-LENGTH DATA ELEMENTS--GENERAL INFORMATION
fixed length control field 240315b ||||| |||| 00| 0 eng d
040 ## - CATALOGING SOURCE
Transcribing agency KH8
100 ## - MAIN ENTRY--PERSONAL NAME
Personal name Cho, Eunbin,
Relator term author.
245 ## - TITLE STATEMENT
Title Tina and the Prince /
Statement of responsibility, etc. written by Eunbin Cho; illustrated by Sehyeon Nam and designed by Rim Na.
260 ## - PUBLICATION, DISTRIBUTION, ETC.
Place of publication, distribution, etc. South Korea;
Name of publisher, distributor, etc. Woongjin Think Big Co., Ltd. ,
Date of publication, distribution, etc. 2011.
300 ## - PHYSICAL DESCRIPTION
Extent 16 pages:
Other physical details color illustrations;
Dimensions 22 cm.
700 ## - ADDED ENTRY--PERSONAL NAME
Personal name Nam, Sehyeon,
Dates associated with a name illustrator.
700 ## - ADDED ENTRY--PERSONAL NAME
Personal name Na, Rim,
Relator term designer.
942 ## - ADDED ENTRY ELEMENTS (KOHA)
Source of classification or shelving scheme
Koha item type Books - Fiction

No items available.

Powered By KH8 IT Dept